Odyssée 2.0 : La démocratie dans la civilisation numérique (notice n° 2175270)
[ vue normale ]
| 000 -LEADER | |
|---|---|
| fixed length control field | 01773cam a2200133 4500500 |
| 005 - DATE AND TIME OF LATEST TRANSACTION | |
| control field | 20260405051106.0 |
| 041 ## - LANGUAGE CODE | |
| Language code of text/sound track or separate title | fre |
| 042 ## - AUTHENTICATION CODE | |
| Authentication code | dc |
| 100 10 - MAIN ENTRY--PERSONAL NAME | |
| Personal name | Cazeaux, Guillaume |
| Relator term | author |
| 245 00 - TITLE STATEMENT | |
| Title | Odyssée 2.0 : La démocratie dans la civilisation numérique |
| 260 ## - PUBLICATION, DISTRIBUTION, ETC. | |
| Name of publisher, distributor, etc. | Armand Colin,<br/> |
| Date of publication, distribution, etc. | 2014.<br/> |
| 520 ## - SUMMARY, ETC. | |
| Summary, etc. | Internet a libéré la parole publique. Désormais, des milliards d’individus connectés échangent librement ou réussissent à le faire en contournant les verrous posés par les régimes autoritaires. Le printemps arabe nous a même fait croire que les réseaux sociaux pouvaient renverser les tyrannies. À l’ère du numérique, la quête de la démocratie prend de nouvelles formes. Pourtant, en y regardant de plus près, on constate que cette libération de la parole entraîne un effet inattendu : noyés dans la masse d’informations et de désinformations, les internautes développent des représentations du monde qui les divisent. Comme l’imprimerie avait produit la Réforme protestante mais aussi les guerres de religion, Internet génère aussi des « schismes » qui menacent l’unité de nos sociétés. Les questionnements vertigineux qui se posaient à l’homme de la Renaissance, à Montaigne par exemple, redeviennent ainsi étonnamment les nôtres. Ce livre est un voyage dans l’odyssée démocratique commencée il y a 2 500 ans à Athènes et qui se poursuit aujourd’hui sur la Toile. Il offre les clés pour que le long chemin d’émancipation ne se transforme pas en perdition. « Civiliser » le web s’impose, non en le contrôlant, mais en l’appréhendant avec toutes les ressources de notre civilisation. |
| 856 41 - ELECTRONIC LOCATION AND ACCESS | |
| Uniform Resource Identifier | <a href="https://shs.cairn.info/odyssee-20--9782200289485?lang=fr&redirect-ssocas=7080">https://shs.cairn.info/odyssee-20--9782200289485?lang=fr&redirect-ssocas=7080</a> |
Pas d'exemplaire disponible.




Réseaux sociaux